Введение в общее исследование битуминологии Урало-Поволжья и результаты битуминологического изучения Саратовской области / (Record no. 19878)
[ view plain ]
| 000 -LEADER | |
|---|---|
| fixed length control field | 01365-am-a2200277-a-4500 |
| 001 - CONTROL NUMBER | |
| control field | 000066989 |
| 003 - CONTROL NUMBER IDENTIFIER | |
| control field | AM-YEHGA |
| 005 - DATE AND TIME OF LATEST TRANSACTION | |
| control field | 20250617121627.0 |
| 008 - FIXED-LENGTH DATA ELEMENTS--GENERAL INFORMATION | |
| fixed length control field | 990113s1958 ru ||||| |||| 00| 0 rus d |
| 040 ## - CATALOGING SOURCE | |
| Original cataloging agency | AM-YeHGA |
| 041 0# - LANGUAGE CODE | |
| Language code of text/sound track or separate title | rus |
| 090 ## - LOCALLY ASSIGNED LC-TYPE CALL NUMBER (OCLC); LOCAL CALL NUMBER (RLIN) | |
| -- | 20082 |
| 100 1# - MAIN ENTRY--PERSONAL NAME | |
| Personal name | Левенсон, Виктор Эмануилович |
| 245 10 - TITLE STATEMENT | |
| Title | Введение в общее исследование битуминологии Урало-Поволжья и результаты битуминологического изучения Саратовской области / |
| Statement of responsibility, etc. | В.Э. Левенсон, Н.П. Кузнецова, С.Н. Максимова ; Отв. ред. Г.Д. Гальперн. |
| 260 ## - PUBLICATION, DISTRIBUTION, ETC. | |
| Place of publication, distribution, etc. | Москва : |
| Name of publisher, distributor, etc. | АН СССР, |
| Date of publication, distribution, etc. | 1958. |
| 300 ## - PHYSICAL DESCRIPTION | |
| Extent | 154 с. |
| 440 #0 - SERIES STATEMENT/ADDED ENTRY--TITLE | |
| Title | Исследование Урало-Волжской нефтеносной провинции методами геохимической битуминологии : В 4-х выпусках |
| Volume/sequential designation | Вып. 1 |
| 550 ## - ISSUING BODY NOTE | |
| Issuing body note | Ин-т нефти, АН СССР |
| 650 14 - SUBJECT ADDED ENTRY--TOPICAL TERM | |
| Topical term or geographic name entry element | Битуминология |
| 650 14 - SUBJECT ADDED ENTRY--TOPICAL TERM | |
| Topical term or geographic name entry element | Поволжье |
| 700 1# - ADDED ENTRY--PERSONAL NAME | |
| Personal name | Кузнецова, Нина Павловна |
| 700 1# - ADDED ENTRY--PERSONAL NAME | |
| Personal name | Максимова, Серафима Николаевна |
| 700 1# - ADDED ENTRY--PERSONAL NAME | |
| Personal name | Гальперн, Г.Д. |
| Relationship | edt |
| 710 2# - ADDED ENTRY--CORPORATE NAME | |
| Corporate name or jurisdiction name as entry element | Ин-т нефти АН СССР |
| 942 ## - ADDED ENTRY ELEMENTS (KOHA) | |
| Source of classification or shelving scheme | Universal Decimal Classification |
| Koha item type | Գրքեր / Books |
| Withdrawn status | Lost status | Damaged status | Not for loan | Collection | Home library | Current library | Date acquired | Total checkouts | Full call number | Barcode | Date last seen | Price effective from | Koha item type | Public note |
|---|---|---|---|---|---|---|---|---|---|---|---|---|---|---|
| General | Fundamental Scientific Library | Fundamental Scientific Library | 21/12/2016 | PIII/154 | FL0184620 | 21/12/2016 | 21/12/2016 | Գրքեր / Books | 30 Days Loan |
ՀՀ Գիտությունների ազգային ակադեմիայի հիմնարար գիտական գրադարան = Fundamental Scientific Library of NAS RA
All site content, except where otherwise noted, is licensed under a